Marcelo Ríos: en la gloria y el revés
Saved in:
| Main Authors: | , |
|---|---|
| Format: | Bog |
| Sprog: | spansk |
| Udgivet: |
Santiago
Aguilar
2002
|
| Udgivelse: | 1a. ed |
| Fag: | |
| Tags: |
Tilføj Tag
Ingen Tags, Vær først til at tagge denne postø!
|
MARC
| LEADER | 00000nam a2200000 a 4500 | ||
|---|---|---|---|
| 001 | UCL6860 | ||
| 003 | CL-VaPUC | ||
| 008 | 040423e20020000CL |||||||||||||||||spa|d | ||
| 020 | |a 9562392201 | ||
| 082 | 0 | 4 | |a 796.342 |b GAR |2 21 |
| 100 | |a García Huidobro L., Carolina |e author |9 438423 | ||
| 700 | 0 | |a Browne, María Olivia |e author |9 484502 | |
| 245 | 1 | 0 | |a Marcelo Ríos: en la gloria y el revés |
| 250 | |a 1a. ed | ||
| 300 | |a 264 p | ||
| 942 | |c BK | ||
| 945 | |d 20040423 00:00:00 |a cmena | ||
| 260 | |a Santiago |b Aguilar |c 2002 | ||
| 600 | 0 | 7 | |a RIOS MAYORGA, MARCELO |2 CL-VaPUC |9 484503 |
| 650 | 7 | |a TENISTAS |2 CL-VaPUC |9 484504 | |
| 650 | 0 | |a Biografías |9 255210 | |
| 650 | 7 | |a DEPORTISTAS CHILENOS |2 CL-VaPUC |9 484505 | |
| 583 | |a last modification |c 20040423 00:00:00 |k Rodrigo Vera | ||
| 999 | |c 308745 |d 308743 | ||
| 952 | |0 0 |1 0 |4 0 |6 796_342000000000000_GAR_2002 |7 0 |8 A |9 375556 |a BIBCUR |b BIBCUR |d 2019-11-21 |i 4005112 |o 796.342 GAR 2002 |p 4005112 |r 2025-04-22 |w 2019-11-21 |y BK |k PER | ||